After we burned / (Record no. 1951)
[ view plain ]
| 000 -LEADER | |
|---|---|
| fixed length control field | 02409cam a2200517 i 4500 |
| 001 - CONTROL NUMBER | |
| control field | 1951 |
| 003 - CONTROL NUMBER IDENTIFIER | |
| control field | OCoLC |
| 005 - DATE AND TIME OF LATEST TRANSACTION | |
| control field | 20260413162019.0 |
| 008 - FIXED-LENGTH DATA ELEMENTS--GENERAL INFORMATION | |
| fixed length control field | 250311t20252025ilu d 000 f eng |
| 010 ## - LIBRARY OF CONGRESS CONTROL NUMBER | |
| LC control number | 2025007895 |
| 040 ## - CATALOGING SOURCE | |
| Original cataloging agency | DLC |
| Language of cataloging | eng |
| Description conventions | rda |
| Transcribing agency | DLC |
| Modifying agency | OCLCO |
| -- | IG# |
| -- | ORX |
| -- | OCLCO |
| -- | UKMGB |
| -- | LF3 |
| -- | OPW |
| -- | UAH |
| -- | BKL |
| -- | CLE |
| -- | YDX |
| -- | MWD |
| -- | CHILD |
| -- | DMM |
| -- | OCLCO |
| -- | VPW |
| 015 ## - NATIONAL BIBLIOGRAPHY NUMBER | |
| National bibliography number | GBC542824 |
| Source | bnb |
| 016 7# - NATIONAL BIBLIOGRAPHIC AGENCY CONTROL NUMBER | |
| Record control number | 300546065 |
| Source | Uk |
| 019 ## - | |
| -- | 1527208169 |
| 020 ## - INTERNATIONAL STANDARD BOOK NUMBER | |
| International Standard Book Number | 9781728291208 |
| Qualifying information | (hardcover) : |
| Terms of availability | $19.00 |
| 020 ## - INTERNATIONAL STANDARD BOOK NUMBER | |
| International Standard Book Number | 1728291208 |
| Qualifying information | (hardcover) |
| 035 ## - SYSTEM CONTROL NUMBER | |
| System control number | (OCoLC)1499569934 |
| Canceled/invalid control number | (OCoLC)1527208169 |
| 042 ## - AUTHENTICATION CODE | |
| Authentication code | pcc |
| 043 ## - GEOGRAPHIC AREA CODE | |
| Geographic area code | n-us-co |
| 050 00 - LIBRARY OF CONGRESS CALL NUMBER | |
| Classification number | PZ7.1.N55 |
| Item number | Af 2025 |
| 050 #4 - LIBRARY OF CONGRESS CALL NUMBER | |
| Classification number | PR9130.9.N55 |
| Item number | A67 2025 |
| 082 00 - DEWEY DECIMAL CLASSIFICATION NUMBER | |
| Classification number | [Fic] |
| Edition information | 23 |
| 092 ## - LOCALLY ASSIGNED DEWEY CALL NUMBER (OCLC) | |
| Classification number | YA Fic |
| Item number | Nijkamp |
| 049 ## - LOCAL HOLDINGS (OCLC) | |
| Holding library | VPW1 |
| 100 1# - MAIN ENTRY--PERSONAL NAME | |
| Personal name | Nijkamp, Marieke, |
| Relator term | author. |
| Real World Object URI | https://id.oclc.org/worldcat/entity/E39PBJw4GcfCXfFK6JgcJHdG73 |
| 245 10 - TITLE STATEMENT | |
| Title | After we burned / |
| Statement of responsibility, etc. | Marieke Nijkamp. |
| 264 #1 - PRODUCTION, PUBLICATION, DISTRIBUTION, MANUFACTURE, AND COPYRIGHT NOTICE | |
| Place of production, publication, distribution, manufacture | Naperville, Illinois : |
| Name of producer, publisher, distributor, manufacturer | Sourcebooks Fire, an imprint of Sourcebooks, |
| Date of production, publication, distribution, manufacture, or copyright notice | [2025] |
| 264 #4 - PRODUCTION, PUBLICATION, DISTRIBUTION, MANUFACTURE, AND COPYRIGHT NOTICE | |
| Date of production, publication, distribution, manufacture, or copyright notice | ©2025 |
| 300 ## - PHYSICAL DESCRIPTION | |
| Extent | 337 pages ; |
| Dimensions | 22 cm |
| 336 ## - CONTENT TYPE | |
| Content type term | text |
| Content type code | txt |
| Source | rdacontent |
| 337 ## - MEDIA TYPE | |
| Media type term | unmediated |
| Media type code | n |
| Source | rdamedia |
| 338 ## - CARRIER TYPE | |
| Carrier type term | volume |
| Carrier type code | nc |
| Source | rdacarrier |
| 385 ## - AUDIENCE CHARACTERISTICS | |
| Demographic group code | age |
| Audience term | Teenagers |
| Authority record control number or standard number | (DLC)dg2015060011 |
| Source | lcdgt |
| 520 ## - SUMMARY, ETC. | |
| Summary, etc. | Told through intertwining points of view and timelines, five teens each protect their secrets and truths about the night a fire destroyed their high school, and a classmate died. |
| 520 ## - SUMMARY, ETC. | |
| Summary, etc. | A terrible accident. A horrible loss. A regrettable tragedy. That's all anyone in Fenix can talk about when a fire consumes the local high school, taking the life of a student. The town mourns, except who really knew--let alone cared about--Eden when she was alive? And why was she in the building that night? Five teens each hold a piece of the truth about what happened. They also have their own secrets, secrets they will fight to protect with the same fury as the blaze that killed Eden. But silence is meant to be broken, and this story can't be extinguished... |
| 521 ## - TARGET AUDIENCE NOTE | |
| Target audience note | Ages 14-18. |
| Source | Sourcebooks Fire. |
| 650 #0 - SUBJECT ADDED ENTRY--TOPICAL TERM | |
| Topical term or geographic name entry element | Lesbian teenagers |
| Form subdivision | Fiction. |
| 650 #0 - SUBJECT ADDED ENTRY--TOPICAL TERM | |
| Topical term or geographic name entry element | High school students |
| Form subdivision | Fiction. |
| 650 #0 - SUBJECT ADDED ENTRY--TOPICAL TERM | |
| Topical term or geographic name entry element | Fires |
| Form subdivision | Fiction. |
| 650 #0 - SUBJECT ADDED ENTRY--TOPICAL TERM | |
| Topical term or geographic name entry element | Psychic trauma |
| Form subdivision | Fiction. |
| 650 #0 - SUBJECT ADDED ENTRY--TOPICAL TERM | |
| Topical term or geographic name entry element | Secrecy |
| Form subdivision | Fiction. |
| 650 #0 - SUBJECT ADDED ENTRY--TOPICAL TERM | |
| Topical term or geographic name entry element | High schools |
| Form subdivision | Fiction. |
| 650 #0 - SUBJECT ADDED ENTRY--TOPICAL TERM | |
| Topical term or geographic name entry element | Schools |
| Form subdivision | Fiction. |
| 650 #0 - SUBJECT ADDED ENTRY--TOPICAL TERM | |
| Topical term or geographic name entry element | Small cities |
| Geographic subdivision | Colorado |
| Form subdivision | Fiction. |
| 910 ## - USER-OPTION DATA (OCLC) | |
| User-option data | n26/4 cr |
No items available.